00239nam a2200097Ia 4500008004100000100000900041245004500050260002200095942000700117999001700124190216s9999||||xx |||||||||||||| ||und|| aNull 0aHindi-Bachan Ka Sahithya Kavya Aur Shilp bSamayik Prakashan cBK c17134d17134